| 000 | 00887nam a2200229Ia 4500 | ||
|---|---|---|---|
| 003 | Ost | ||
| 005 | 20260507075356.0 | ||
| 008 | 260507s9999||||xx |||||||||||||| ||und|| | ||
| 020 | _a9091422977 | ||
| 040 | _cfsecg | ||
| 041 | _aara | ||
| 082 | _a330 | ||
| 100 |
_aأبو النجا، محمد عبد العظيم _eمؤلف |
||
| 245 | 0 |
_aقضايا تسويقية معاصرة / _c محمد عبد العظيم أبو النجا |
|
| 260 |
_aالإسكندرية: _bالدار الجامعية, _c2010 |
||
| 300 |
_a689 صفحة؛ _bإيضاحات ؛ _c25 سم |
||
| 504 | _aالمراجع ص.609 | ||
| 520 | _aقضايا تعليم المنتج- قضايا إدارة العلاقات مع العملاء- التسويق عبر المحمول- قضايا تسويقية متنوعة | ||
| 653 | _aأدارة المبيعات | ||
| 653 | _aالتسويق | ||
| 942 | _cكتاب | ||
| 999 |
_c44216 _d44216 |
||